Commentaries on living : (Record no. 133479)
[ view plain ]
| 000 -LEADER | |
|---|---|
| fixed length control field | 00720nam a22002297a 4500 |
| 005 - DATE AND TIME OF LATEST TRANSACTION | |
| control field | 20170124110210.0 |
| 010 ## - LIBRARY OF CONGRESS CONTROL NUMBER | |
| LC control number | 726543 |
| 020 ## - INTERNATIONAL STANDARD BOOK NUMBER | |
| Terms of availability | 00.00 |
| 035 ## - SYSTEM CONTROL NUMBER | |
| System control number | 726543 |
| 037 ## - SOURCE OF ACQUISITION | |
| Source of stock number/acquisition | Cen Lib/Ret |
| 040 ## - CATALOGING SOURCE | |
| Original cataloging agency | DPL |
| Language of cataloging | EN |
| 082 ## - DEWEY DECIMAL CLASSIFICATION NUMBER | |
| Classification number | 181.499 |
| Item number | KRI |
| 100 ## - MAIN ENTRY--PERSONAL NAME | |
| Personal name | Krishnamurti, J. |
| 9 (RLIN) | 109180 |
| 245 ## - TITLE STATEMENT | |
| Title | Commentaries on living : |
| Statement of responsibility, etc | by J. Krishnamurti; edited by D. Rajagopal |
| Remainder of title | second series, from the notebooks of J. Krishnamurti / |
| 260 ## - PUBLICATION, DISTRIBUTION, ETC. (IMPRINT) | |
| Name of publisher, distributor, etc | B. I. Publications |
| Place of publication, distribution, etc | Bombay |
| Date of publication, distribution, etc | 1972 |
| 270 ## - ADDRESS | |
| City | Bombay |
| Address | 18 Lansdowne Road |
| Postal code | 400001 |
| 300 ## - PHYSICAL DESCRIPTION | |
| Extent | vii,242p. |
| Dimensions | 16cm(Hb) |
| 650 ## - SUBJECT ADDED ENTRY--TOPICAL TERM | |
| Topical term or geographic name as entry element | Ethics |
| 9 (RLIN) | 11191 |
| 650 ## - SUBJECT ADDED ENTRY--TOPICAL TERM | |
| Topical term or geographic name as entry element | Philosophy, Indic |
| 9 (RLIN) | 109181 |
| 700 ## - ADDED ENTRY--PERSONAL NAME | |
| Personal name | Rajagopal, D. |
| 9 (RLIN) | 38054 |
| 942 ## - ADDED ENTRY ELEMENTS (KOHA) | |
| Source of classification or shelving scheme | Dewey Decimal Classification |
| Koha item type | English Books |
| Classification part | 181.499 |
| Call number suffix | KRI |
| Withdrawn status | Lost status | Damaged status | Not for loan | Home library | Current library | Date acquired | Source of acquisition | Cost, normal purchase price | Total Checkouts | Full call number | Barcode | Date last seen | Copy number | Cost, replacement price | Price effective from | Koha item type | Public note | Source of classification or shelving scheme | Total Renewals | Date checked out |
|---|---|---|---|---|---|---|---|---|---|---|---|---|---|---|---|---|---|---|---|---|
| Written off | Central Library | Central Library | 27/07/2015 | Cen Lib/Ret | 0.00 | 181.499 KRI | 726543 | 27/07/2015 | 1 | 0.00 | 27/07/2015 | English Books | W/d list no. 6805/3 | |||||||
| Central Library | Central Library | 17/03/2016 | Cen Lib/Ret | 125.00 | 1 | 181.499 KRI | B-108028 | 12/08/2017 | 3 | 125.00 | 17/03/2016 | English Books | Dewey Decimal Classification | 2 | 17/06/2017 | |||||
| Central Library | Central Library | 31/10/2016 | 25.00 | 11 | 181.499 KRI | B-108029 | 27/04/2026 | 3 | 31/10/2016 | English Books | Dewey Decimal Classification | 9 | 07/04/2026 | |||||||
| Sarojini Nagar | Sarojini Nagar | 22/05/2025 | 181.499 KRI | b-78568 | 22/05/2025 | 125.00 | 22/05/2025 | English Books | Dewey Decimal Classification | |||||||||||
| Sarojini Nagar | Sarojini Nagar | 22/05/2025 | 181.499 KRI | b-78567 | 22/05/2025 | 125.00 | 22/05/2025 | English Books | Dewey Decimal Classification |
